| 000 | 00438nam a2200169Ia 4500 | ||
|---|---|---|---|
| 003 | LK-CoDNM | ||
| 008 | 010623t1955 xxu||||| |||| 00| 1 sin d | ||
| 040 |
_aLK-CoDNM _dLK-CoDNM _eLK-CoDNM |
||
| 041 | _asin | ||
| 080 | _aX398.2 KUR | ||
| 100 | _aKurukularachchi,D.H.J. | ||
| 245 | _aසිංහල ගැමි කථා | ||
| 246 | _aSinhala Gami Katha | ||
| 260 |
_bGunasena _aColombo _c1955 |
||
| 300 | _b73p, 21 cm | ||
| 942 | _cBK | ||
| 999 |
_c104053 _d104053 |
||